| 000 | 02192cam a2200313 a 4500 | ||
|---|---|---|---|
| 999 |
_c10438 _d10438 |
||
| 001 | 10438 | ||
| 003 | BD-JhCC | ||
| 005 | 20180520112040.0 | ||
| 008 | 180426s1966 maua b 001 0 eng | ||
| 020 | _a0822002280 | ||
| 035 | _a(BD-JhCC)10438 | ||
| 040 |
_aDLC _cDLC _dDLC _dBD-JhCC |
||
| 041 | _aeng | ||
| 050 | 0 | 0 |
_aPR1585 _b.N54 1983 |
| 082 | 0 | 0 |
_a829/.3 _219 _bGRA 1966 |
| 100 | 1 | _a Graf, Nanette | |
| 245 | 1 | 0 |
_aBeowulf : _bnotes / _cNanette Graf, |
| 260 |
_aUited State : _bCliff's Notes, _c1966. |
||
| 300 |
_a59 p. : _c22 cm. |
||
| 520 | _aThe original CliffsNotes study guides offer expert commentary on major themes, plots, characters, literary devices, and historical background. The latest generation of titles in this series also features glossaries and visual elements that complement the classic, familiar format. CliffsNotes on Beowulf takes you into the epic story of warriors and strange beasts. Beowulf is considered to be the longest and greatest surviving Anglo-Saxon poem. Some see it as an early celebration of Christianity. Others think it extols—or perhaps condemns—heroic values. Step into this epic poem and get ready for sword fights, feasts, and treasures. With this study guide, you’ll be able to follow all of the action as you consider the artistic impact of the work. You'll also gain insight into the characteristics of the unknown poet and the manuscript itself. Other features that help you study include Character analyses of major players A character map that graphically illustrates the relationships among the characters Critical essays A review section that tests your knowledge A Resource Center full of books, articles, films, and Internet sites Classic literature or modern-day treasure—you'll understand it all with expert information and insight from CliffsNotes study guides. | ||
| 650 | 0 |
_aEpic poetry, English (Old) _xHistory and criticism. |
|
| 650 | 0 | _aCivilization, Anglo-Saxon, in literature | |
| 650 | 0 |
_aOral tradition _zEngland _xHistory _yTo 1500. |
|
| 650 | 0 | _aMonsters in literature. | |
| 650 | 0 | _aRhetoric, Medieval. | |
| 651 | 0 |
_aScandinavia _xIn literature. |
|
| 942 |
_2ddc _cBK |
||